000
00312nam a22001337a 4500
008
260323b |||||||| |||| 00| 0 eng d
020
_a
9788196147082
040
_a
02
100
_a
PEESAPATI,V.
245
_a
PRACTICAL ORGANIC CHEMISTRY
260
_a
HYDERABAD
_b
PHARMAMED
_c
2025
300
_a
141
942
_c
01
999
_c
67419
_d
67419